• 首页
  • 本馆介绍
  • 公告通知
  • 最新文献
  • 馆藏检索
  • 电子资源
  • 读者荐购
  • 参考咨询
  • CALIS
  • 我的图书馆
  • 登录
  • 详细信息显示
  • 放入我的书架
  • 预约/预借图书
  • 作者相关作品
  • 分类相关作品
  • 丛书相关作品
  • 出版社相关作品

书目信息

  • 表格格式
  • 工作单格式
  • 卡片格式
题名:
自动控制元件
    
 
作者: 池海红 , 单蔓红 主编
分册:  
出版信息: 北京   中国电力出版社  2009.08
页数: 250页
开本: 28cm
丛书名:
单 册:
中图分类: TP273
科图分类:
主题词: 自动化系统
电子资源:
ISBN: 7-5083-9465-8
 
 
 
 
 
000 00632nam0 2200205 450
001 1555830482
005 20150619153211.80
010    @a7-5083-9465-8@dCNY25.60
100    @a20150619d2009 km y0chiy0120 ea
101 0  @achi
102    @aCN
200 1  @a自动控制元件@Azi dong kong zhi yuan jian@f池海红, 单蔓红 主编@Fchi hai hong,dan man hong zhu bian
210    @a北京@c中国电力出版社@d2009.08
215    @a250页@d28cm
606 0  @a自动化系统
690    @aTP273@v4
701  0 @a池海红@Achi hai hong@4主编
701  0 @a单蔓红@Adan man hong@4主编
801  0 @aCN@b大连网信软件有限公司图书馆·11@c20150619
905    @aZUCC@dTP273@eC803
    
    自动控制元件/池海红, 单蔓红 主编.-北京:中国电力出版社,2009.08
    250页;28cm
    
    
    ISBN 7-5083-9465-8:CNY25.60
    
●
相关链接 在E读中查询图书 在当当中查询图书 在豆瓣中查询图书


正题名:自动控制元件     索取号:TP273/C803         预约/预借

序号 登录号 条形码 馆藏地/架位号 状态 备注
1 497261   204972618   自科库301/301自科库 41排5列4层/ [索取号:TP273/C803] 在馆    
河南城建学院图书馆 欢迎您!
大连网信软件有限公司© 版权所有